Fauna of Thattekkad Bird Sanctaury (Kerela):/ (Record no. 203386)

MARC details
000 -LEADER
fixed length control field 00665nam a22001937a 4500
005 - DATE AND TIME OF LATEST TRANSACTION
control field 20240530105923.0
010 ## - LCCN (DPL NO)
LC control number ENG-140543 ENG-140544
020 ## - INTERNATIONAL STANDARD BOOK NUMBER
Terms of availability 675.00
International Standard Book Number 9788181715852
035 ## - SYSTEM CONTROL NUMBER
System control number EN-124075 EN-124076
037 ## - SOURCE OF ACQUISITION
Stock number DBAD
082 ## - DEWEY DECIMAL CLASSIFICATION NUMBER
Classification number 597.95483
245 ## - TITLE STATEMENT
Title Fauna of Thattekkad Bird Sanctaury (Kerela):/
Statement of responsibility, etc Edited By Director Zoological Survery of India
260 ## - PUBLICATION, DISTRIBUTION, ETC. (IMPRINT)
Place of publication, distribution, etc Kolkata
Name of publisher, distributor, etc Zoological Survey of India
Date of publication, distribution, etc 2022
270 ## - ADDRESS
Address M-Block, New Alipore,
City Kolkata
Postal code 700053
300 ## - PHYSICAL DESCRIPTION
Extent 352p.
Dimensions 25cm(Pb)
Other physical details ill., col
650 ## - SUBJECT ADDED ENTRY--TOPICAL TERM
Topical term or geographic name as entry element Zoology
700 ## - ADDED ENTRY--PERSONAL NAME
Personal name Director Zoological Survery of India
9 (RLIN) 67087
942 ## - ADDED ENTRY ELEMENTS (KOHA)
Source of classification or shelving scheme Dewey Decimal Classification
Item type English Books
Classification part 591.95483
Call number suffix FAU

No items available.


© Delhi Public Library
Hit Counter
free hit counter